00877nam a2200241 k 4500001001300000005001500013008004100028020003300069040001900102049001700121056001400138090002100152100002000173245014700193260002800340300003200368500006000400653005300460700002000513740007700533900001400610950001100624KMO20260053520260331090707260328s2025 ulkad 000 kor a9791194600688g03320c\19800 a146043c1460430 lMEM000012112 a327.8726 a327.87b당18ㄴ1 a당근자판기10a나는 오늘도 공간을 판다b평범한 워킹맘이 불과 9년 만에 100억 자산가가 된 비결d당근자판기(김진옥) 지음 a서울b모티브c2025 a271p.b삽화, 도표c21cm a권말부록: 숙소 창업할 때 꼭 묻는 질문들 a에어비앤비a공간a재테크a숙박시설1 a당근자판기02a평범한 워킹맘이 불과 9년 만에 100억 자산가가 된 비결10a김진옥0 b\19800 |
|---|